Mary Jane Watson - Portrayals by Picture - Statistics

General Stats
  • This quiz has been taken 7 times
  • The average score is 5 of 15
Answer Stats
Picture Answer % Correct
Kirsten Dunst
100%
Zendaya
100%
Laura Bailey
60%
Tara Strong
40%
Tara Strong
40%
Tara Strong
40%
Felicia Day
20%
Jennifer Hale
20%
Sara Ballantine
20%
Vanessa Marshall
20%
Dana Seltzer
0%
Laura Vandervoort
0%
Lisa Loeb
0%
Peg Dixon
0%
Zoë Kraviz
0%
No matching quizzes found
Score Distribution
Percent of People with Each Score
Percentile by Number Answered
Your Score History
You have not taken this quiz